New Orleans and vicinity, Louisiana.

Bibliographic Details
Corporate Author: Geological Survey (U.S.)
Format: Map
Language:English
Published: Washington, [publisher not identified] ; 1956.
Edition:1951.
Subjects:

MARC

Tag First Indicator Second Indicator Subfields
LEADER 00000cem a2200000I 4500
001 in00002139396
005 20151103160623.0
008 800807s1956 dcua a 0 eng
010 |a map56000583  
035 |a (OCoLC)ocm06596376 
040 |a DLC  |c GAT  |d OCL  |d OCLCQ  |d TXA  |d UtOrBLW 
043 |a n-us-la 
049 |a TXAM 
050 0 |a G4014.N5C1 1951  |b .U6 
052 |a 4014  |b N5 
110 2 |a Geological Survey (U.S.) 
245 1 0 |a New Orleans and vicinity, Louisiana. 
250 |a 1951. 
255 |a Scale 1:24,000. 
264 1 |a Washington,  |b [publisher not identified] ;  |c 1956. 
300 |a color map ;  |c 101 x 106 cm. 
336 |a cartographic image  |b cri  |2 rdacontent 
337 |a unmediated  |b n  |2 rdamedia 
338 |a sheet  |b nb  |2 rdacarrier 
500 |a "Polyconic projection. 1927 North American datum." 
500 |a "Contour interval 5 feet." 
500 |a Compiled from USGS 1:24,000 quadrangle maps. 
500 |a Landmark buildings and important street names are shown. 
500 |a Cartographic material. 
651 0 |a New Orleans (La.)  |v Maps. 
948 |a cataloged  |b h  |c 2006/5/28  |d c  |e jgreene  |f 4:37:40 pm 
994 |a C0  |b TXA 
999 |a MARS 
999 f f |s b97748f2-a2bb-335b-97e8-060251e0152b  |i 8f86c554-3623-3677-b0f2-dd9c180b0be1  |t 0 
952 f f |p normal  |a Texas A&M University  |b College Station  |c Sterling C. Evans Library  |d Evans: Maps (2nd floor)  |t 0  |e G4014.N5C1 1951 .U6  |h Library of Congress classification  |i unmediated -- sheet  |m A14834445572 
952 f f |p normal  |a Texas A&M University  |b College Station  |c Sterling C. Evans Library  |d Evans: Maps (2nd floor)  |t 0  |e G4014.N5C1 1951 .U6  |h Library of Congress classification  |i unmediated -- sheet  |m A14834445611 
998 f f |a G4014.N5C1 1951 .U6  |t 0  |l Evans: Maps (2nd floor) 
998 f f |a G4014.N5C1 1951 .U6  |t 0  |l Evans: Maps (2nd floor)